000
00328 a2200157 4500
001
73611
020
_a
040
_c
Anchieta - Colégio São Paulo
100
_a
Pereira, Antonio Olavo
240
1
0
_a
Marcoré
_l
por
245
1
0
_a
Marcoré
300
_a
240
362
0
_a
1973
650
4
_a
Ficção brasileira
942
_c
BK
999
_c
73611
_d
73611